Mammals 3 - Statistics

General Stats
  • This quiz has been taken 20 times
  • The average score is 10 of 12
Answer Stats
Picture Answer % Correct
Bull
89%
Gorilla
89%
Koala
89%
Leopard
89%
Polar Bear
89%
Cheetah
84%
Hedgehog
84%
Killer Whale
84%
Platypus
84%
Walrus
84%
Yak
68%
Gazelle
53%
No matching quizzes found
Score Distribution
Percent of People with Each Score
Percentile by Number Answered
Your Score History
You have not taken this quiz